000 00335nam a2200109Ia 4500
008 171204s9999 xx 000 0 und d
245 _aCounterparty Risk and Funding: A Tale of Two Puzzles
245 _cStéphane Crépey
260 _c2014
650 _xFINANCIAL MANAGEMENT 1-2
856 _uhttp://down.ebook777.com/048/1466516453.pdf
999 _c346952
_d346952